000 00422nam a2200205Ia 4500
001 004656
003 YMCAF
005 20230512160306.0
008 100717s1971 ||||||||||||||||| ||und|d
024 _a4656
035 _a4635
040 _aYMCAF
_beng
_cIN-KoLT
041 _aeng
082 _a197-STA
100 _aSTANDARDS IN.
245 0 _a1971-SAE HAND BOOK
260 _c1971
300 _a0
942 _2ddc
_cBK
999 _c3608
_d3608